| 000 | 00520nam a2200193 a 4500 | ||
|---|---|---|---|
| 005 | 20220603063631.0 | ||
| 008 | 060608s2003 mx r 000 0 spa d | ||
| 020 | _a2894299036 | ||
| 035 | _aUPN01000145287 | ||
| 049 | _aI | ||
| 050 | 4 |
_aPZ7 _bW6.7 |
|
| 100 | 1 | _aWolf, Tony | |
| 245 | 1 | 4 |
_aLos tres cerditos / _cTony Wolf. |
| 260 |
_aMilán, Italia : _bQuebec, _c2003. |
||
| 300 |
_a[12] p. pleg. : _bil. col. |
||
| 500 | _a"Un libro en tres dimensiones" | ||
| 650 | 4 |
_aCuentos infantiles _96744 |
|
| 905 | _aInfantil | ||
| 999 |
_c117433 _d117433 |
||